| 000 | 00381nam a2200133Ia 4500 | ||
|---|---|---|---|
| 003 | GCL | ||
| 008 | 140319s9999 xx 000 0 ara d | ||
| 040 |
_aGCL / _cGCL |
||
| 082 | 0 | 4 |
_a953.03 _bح ج |
| 245 | 1 | 0 | _aالجغرافية التاريخية لبلاد الشام فى العصر الاموى |
| 260 |
_a[S.N] : _bدار الجيل ، _c1987 |
||
| 300 | _a200 ص | ||
| 490 | _a | ||
| 999 |
_c55566 _d55566 |
||